2つ以上の駅名に使われている漢字(サドンデス)④ - Statistics

General Stats
  • This quiz has been taken 43 times
  • The average score is 8 of 60
Answers on the Grid
Answers color-coded by a green-red scale on the quiz's grid according to % correct below.
調
駿
沿
 
Answer Stats
Answer % Correct
比叡山坂本駅、坂本比叡山口駅、八瀬比叡山口駅
38%
栃木駅、新栃木駅、栃原駅、栃屋駅
31%
各務ケ原駅、名電各務原駅、各務原市役所前駅
28%
嵯峨嵐山駅、嵐電嵯峨駅、トロッコ嵯峨駅、谷峨駅
28%
垂水駅、山陽垂水駅、東垂水駅、垂井駅
24%
調布駅、西調布駅、田園調布駅、調川駅 調
24%
駿河小山駅、駿河徳山駅 駿
24%
御徒町駅、新御徒町駅、上野御徒町駅、仲御徒町駅
24%
四条畷駅、八丁畷駅
24%
佐伯駅、佐伯区役所前駅、伯耆大山駅、伯耆溝口駅
21%
大歩危駅、小歩危駅
21%
寝屋川市駅、寝屋川公園駅
21%
辛島町駅、西辛島町駅、辛皮駅
17%
兜駅、兜沼駅
17%
水沢江刺駅、刺巻駅
17%
舎人駅、舎人公園駅、田舎館駅、吉舎駅
17%
赤迫駅、梅迫駅、迫川駅、折生迫駅
17%
隼人駅、隼駅
17%
楠駅、北楠駅、楠橋駅、楠久駅
17%
清澄白河駅、澄川駅、常澄駅、泰澄の里駅
17%
蛍池駅、蛍橋駅、蛍茶屋駅
17%
伊達駅、伊達紋別駅、安達駅、宝達駅
17%
高速神戸駅、高速長田駅、速星駅
17%
上三依塩原温泉口、中三依温泉駅、依那古駅
14%
財部駅、讃岐財田駅、財光寺駅
14%
秦野駅、太秦駅、太秦天神川駅、太秦広隆寺駅
14%
玖珂駅、玖波駅、玖村駅
14%
墨染駅、志染駅
14%
雑司が谷駅、都電雑司が谷駅、雑色駅、雑餉隈駅
14%
大同町駅、同志社前駅、具同駅
14%
甲奴駅、小奴可駅
14%
苅藻駅、藻琴駅
14%
鞍手駅、鞍馬駅、鞍馬口駅
14%
犬飼駅、鵜飼駅
10%
替佐駅、馬替駅
10%
咲花駅、美咲が丘駅、三咲駅、咲来駅
10%
拓北駅、干拓の里駅
10%
梓橋駅、稲梓駅
10%
大堰駅、左堰駅
10%
検見川駅、新検見川駅、検見川浜駅
10%
極楽寺駅、西京極駅、極楽駅、極楽橋駅
10%
見附駅、赤坂見附駅、付属中学前、広大附属学校前
10%
光珠内駅、有珠駅、文殊通駅
10%
羽咋駅、南羽咋駅
10%
喜連瓜破駅、不破一色駅
10%
下総橘駅、阿波橘駅
10%
恩智駅、恩田駅
10%
愛・地球博記念公園駅、万博記念公園駅(大阪、茨城)、九州鉄道記念館駅、茂吉記念館前駅
10%
計算科学センター駅、三宮・花時計前駅、計石駅
7%
辰野駅、辰巳駅
7%
南阿蘇白川水源駅、源じいの森駅、源道寺駅
7%
鏡石駅、鏡川橋駅
7%
採銅所駅、和銅黒谷駅
7%
緒方駅、緒川駅、上三緒駅
3%
崇禅寺駅、禅昌寺駅
3%
現川駅、権現前駅
3%
多磨霊園駅、霊丘公園体育館駅
3%
獨協大学前駅、修大協創中高前駅
3%
美瑛駅、北美瑛駅
3%
本楯駅、楯山駅
3%
No matching quizzes found
Score Distribution
Percent of People with Each Score
Percentile by Number Answered
Your Score History
You have not taken this quiz